Ciudadanía y teoría democrática /

Gespeichert in:
Bibliographische Detailangaben
1. Verfasser: Sermeño, Angel
Format: Text
Schlagworte:
Tags: Tag hinzufügen
Keine Tags, Fügen Sie den ersten Tag hinzu!

MARC

LEADER 00000 a a2200000 04500
001 9667
003
040
100 |a Sermeño, Angel  
245 |a Ciudadanía y teoría democrática /  |c Angel Sermeño 
650 |a CUIDADANIA  
650 |a TEORIA POLITICA  
650 |a DEMOCRACIA  
773 |g volumen 8, número 33; páginas 87-94  
999 |c 28780  |d 28780